[Event "ch-POL Boys U16"]
[Site "Zakopane POL"]
[Date "2001.01.24"]
[Round "9"]
[White "Singer,K"]
[Black "Krysztofiak,M"]
[Result "1/2-1/2"]
[WhiteElo "2116"]
[BlackElo "2296"]

1.e4 d5 2.exd5 Qxd5 3.Nc3 Qd6 4.d4 Nf6 5.Nf3 a6 6.g3 Bf5 7.Bg2 Nc6 8.O-O O-O-O
9.a3 e6 10.Bf4 Qd7 11.Ne5 Nxe5 12.dxe5 Nd5 13.Nxd5 exd5 14.Re1 h6 15.c3 Be7
16.b4 Bg5 17.Qd4 Bxf4 18.Qxf4 g5  1/2-1/2

[Event "Open"]
[Site "Ubeda ESP"]
[Date "2001.01.26"]
[Round "6"]
[White "Zhang Zhong"]
[Black "Arencibia,W"]
[Result "1-0"]
[WhiteElo "2607"]
[BlackElo "2534"]

1.e4 d5 2.exd5 Qxd5 3.Nc3 Qd6 4.d4 Nf6 5.Nf3 a6 6.Be3 Nc6 7.Qd2 Bf5 8.Nh4 g6
9.Nxf5 gxf5 10.f3 O-O-O 11.O-O-O Bg7 12.Bc4 e6 13.a3 Ne7 14.Kb1 Rd7 15.Bb3 Ned5
16.Nxd5 Nxd5 17.Bf2 b5 18.g4 fxg4 19.fxg4 c5 20.c4 Nc7 21.Bg3 Qc6 22.d5 exd5
23.cxd5 Rhd8 24.dxc6 Rxd2 25.Rxd2 Rxd2 26.Bc2 b4 27.axb4 cxb4 28.Be1 Rd6
29.Rf1 Bf6 30.Bxb4 Rxc6 31.Bxh7 Rb6 32.Ba3 Kd7 33.Bf5+ Ne6 34.Bc2 Nd4 35.Bc5 Rc6
36.Bxd4  1-0

[Event "26th Speed Chess Open"]
[Site "Aubervilliers FRA"]
[Date "2001.01.28"]
[Round "10"]
[White "Nataf,IA"]
[Black "Pytel,K"]
[Result "1-0"]
[WhiteElo "2552"]
[BlackElo "2408"]

1.e4 d5 2.exd5 Qxd5 3.Nc3 Qd6 4.d4 Nf6 5.Nf3 c6 6.Ne5 Be6 7.Bf4 Qd8 8.Be2 Nbd7
9.O-O g6 10.Nxd7 Qxd7 11.Be5 Bg7 12.Ne4 Bd5 13.Nc5 Qc8 14.c4 Be6 15.Qb3 b6
16.Nxe6 Qxe6 17.Bf3 Rc8 18.Rfe1 O-O 19.c5 bxc5 20.Qxe6 fxe6 21.dxc5 Rfd8
22.Bc3 Kf7 23.Re2 g5 24.h3 h5 25.Bxf6 Bxf6 26.Bxh5+ Kg7 27.Rc1 Rd4 28.Bg4 Rb4
29.b3 a5 30.Bxe6 Rd8 31.Bg4 a4 32.Bf3 axb3 33.axb3 Rc8 34.Re6 Rxb3 35.Rxc6 Rxc6
36.Bxc6 Rb2 37.Bd7 Be5 38.c6 Bc7 39.g3 Kf6 40.Kg2 Ke5 41.Re1+ Kf6 42.Re6+ Kf7
43.Re3 Rc2 44.Rf3+ Kg7 45.Rf5 Kh6 46.Rf7 Bb6 47.g4 Kg6 48.Bf5+ Kxf7 49.Bxc2 Ke6
50.f4 gxf4 51.Kf3 Bc7 52.h4 Kf6 53.g5+ Kg7 54.h5 e5 55.h6+ Kf7 56.g6+ Kf6
57.g7 e4+ 58.Bxe4 Kf7 59.Bd5+  1-0

[Event "6th HIT Open"]
[Site "Nova Gorica SLO"]
[Date "2001.01.28"]
[Round "4"]
[White "Haznedaroglu,K"]
[Black "Drobne,M"]
[Result "1-0"]
[WhiteElo "2357"]
[BlackElo "2062"]

1.e4 d5 2.exd5 Qxd5 3.Nc3 Qd6 4.d4 Nf6 5.Bc4 Nc6 6.Be3 a6 7.Nf3 Bg4 8.h3 Bh5
9.g4 Bg6 10.Qe2 O-O-O 11.O-O-O Nb4 12.Bb3 Nfd5 13.Nxd5 Nxd5 14.Ne5 e6 15.Qf3 f6
16.Nxg6 hxg6 17.Bd2 g5 18.Kb1 Nf4 19.h4 Be7 20.hxg5 Rxh1 21.Rxh1 fxg5 22.Be3 e5
23.Re1 Bf6 24.d5 Qd7 25.c4 Rh8 26.c5 Rh3 27.Qe4 Qxg4 28.c6 b5 29.d6 Rh8 30.d7+ Kd8
31.Qb4 Qf3 32.Qc5 Ne6 33.Qa7 Ke7 34.Qxa6 Rh1 35.Qa3+ Kd8 36.Qa8+ Ke7 37.Qe8+  1-0

[Event "6th HIT Open"]
[Site "Nova Gorica SLO"]
[Date "2001.01.31"]
[Round "7"]
[White "Mocchi,T"]
[Black "Drobne,M"]
[Result "1-0"]
[WhiteElo "2352"]
[BlackElo "2062"]

1.e4 d5 2.exd5 Qxd5 3.Nc3 Qd6 4.d4 Nf6 5.Bc4 a6 6.Nf3 Bg4 7.h3 Bh5 8.g4 Bg6
9.Ne5 Nc6 10.Nxg6 hxg6 11.Be3 e5 12.Qe2 O-O-O 13.d5 Nd4 14.Qd3 Nxg4 15.Bxd4 exd4
16.Qxd4 Qe5+ 17.Qxe5 Nxe5 18.Be2 Bb4 19.f4 Nd7 20.O-O-O Bxc3 21.bxc3 Nf6
22.c4 Rh4 23.Rdf1 Ne4 24.Rf3 Rd6 25.Bd3 Nc5 26.Rg1 Rf6 27.Rg4 Rh8 28.h4 Kd7
29.Kd2 Kd6 30.Re3 Rd8 31.Rf3 Nd7 32.Kc3 Kc5 33.Re3 Nb6 34.Re7 Rd7 35.Re8 Na4+
36.Kb3 b5 37.f5 gxf5 38.Rxg7 Nb6 39.cxb5 axb5 40.h5 Nxd5 41.Rh8 Nf4 42.h6 Nxd3
43.h7 Rh6 44.Re8 f4 45.h8=Q Rxh8 46.Rxh8 Ne5 47.Rg5 Kd4 48.Rh1 Re7 49.Rd1+ Ke4
50.Re1+ Kd5 51.Rf5 c5 52.Rxf4 c4+ 53.Kc3 b4+ 54.Kd2 Ra7 55.Rf5 Re7 56.Re3 Kd4
57.Rf4+ Kd5 58.Rf6 Ra7 59.Rf5 Re7 60.a3 bxa3 61.Rxa3 Ke6 62.Rh5 Kf6 63.Ra6+ Kg7
64.Rg5+ Kh7 65.Kc3 Re8 66.Rf6 Ng6 67.Kxc4 Kg7  1-0

[Event "It"]
[Site "Bajmok YUG"]
[Date "2001.02.01"]
[Round "7"]
[White "Tokovic,S"]
[Black "Kizov,A"]
[Result "1-0"]
[WhiteElo "2318"]
[BlackElo "2363"]

1.e4 d5 2.exd5 Qxd5 3.Nc3 Qd6 4.d4 Nf6 5.Bg5 Bg4 6.Be2 Bxe2 7.Qxe2 a6 8.Nf3 Nbd7
9.O-O O-O-O 10.Rad1 Qb6 11.Ne5 Qe6 12.f4 Nxe5 13.fxe5 Nd7 14.Bf4 Nb6 15.a4 f5
16.a5 Nd5 17.Nxd5 Qxd5 18.c4 Qxa5 19.e6 g6 20.b4 Qb6 21.c5 Qc6 22.d5 Rxd5
23.Rxd5 Qxd5 24.Rd1 Qc6 25.Qe5 Rg8 26.Rd7 Bg7 27.Rxc7+ Kd8 28.Rd7+  1-0

[Event "TCh-FRA"]
[Site "Bordeaux FRA"]
[Date "2001.02.02"]
[Round "1"]
[White "Chevrier,T"]
[Black "Feuvrier,S"]
[Result "1-0"]
[WhiteElo "2158"]
[BlackElo "2048"]

1.e4 d5 2.exd5 Qxd5 3.Nc3 Qd6 4.Nf3 Nf6 5.Bc4 a6 6.O-O Bg4 7.d4 e6 8.h3 Bh5
9.d5 exd5 10.Re1+ Be7 11.Nxd5 Nxd5 12.Bxd5 c6 13.Bxf7+ Kxf7 14.Ng5+ Kg8 15.Qxh5 g6
16.Qg4 Bf6 17.Qc8+ Kg7 18.Qxh8+  1-0

[Event "Open"]
[Site "Fajr IRI"]
[Date "2001.02.10"]
[Round "8"]
[White "Manukian,A"]
[Black "Hayrapetian,A"]
[Result "0-1"]
[WhiteElo "2045"]
[BlackElo "2314"]

1.e4 d5 2.exd5 Qxd5 3.Nc3 Qd8 4.d4 Nf6 5.Bc4 e6 6.Nf3 Be7 7.O-O O-O 8.Bg5 Nbd7
9.Qe2 c6 10.Rfe1 Nb6 11.Bd3 Bd7 12.Ne4 Rc8 13.Nxf6+ Bxf6 14.Qe4 g6 15.Bxf6 Qxf6
16.Ne5 Rfd8 17.Re3 Be8 18.Rf3 Qe7 19.h4 Nd5 20.Qg4 c5 21.dxc5 Rxc5 22.Re1 a6
23.h5 Nf6 24.Qh4 Kg7 25.h6+  0-1

[Event "It Women"]
[Site "Tel Aviv ISR"]
[Date "2001.02.22"]
[Round "3"]
[White "Tsifanskaya,L"]
[Black "Borsuk,A"]
[Result "1/2-1/2"]
[WhiteElo "2214"]
[BlackElo "2281"]

1.e4 d5 2.exd5 Qxd5 3.Nc3 Qd8 4.Bc4 Nf6 5.Nf3 Bf5 6.O-O e6 7.d4 c6 8.h3 Nbd7
9.Bb3 h6 10.Qe2 Be7 11.Ne5 Nxe5 12.dxe5 Nd7 13.Ne4 Qc7 14.f4 Bxe4 15.Qxe4 Nc5
16.Qf3 Nxb3 17.axb3 Bc5+ 18.Kh1 g6 19.Rd1 Qb6 20.Bd2 a5 21.Bc3 h5 22.Qe4 O-O
23.Qe1 Bb4 24.Qg3 Rfd8 25.f5 exf5 26.e6 Bxc3 27.exf7+ Kxf7 28.Qxc3 Qb4 29.Qg3 Qe7
30.Re1 Qd6 31.Qc3 Qd4 32.Qg3 Qd6 33.Qf3 Qf6  1/2-1/2

[Event "IV Open"]
[Site "Malaga ESP"]
[Date "2001.02.24"]
[Round "2"]
[White "Vega Gutierrez,S"]
[Black "Garcia Ilundain,D"]
[Result "1/2-1/2"]
[WhiteElo "2124"]
[BlackElo "2479"]

1.e4 d5 2.exd5 Qxd5 3.Nc3 Qd8 4.d4 Nf6 5.Nf3 c6 6.h3 Bf5 7.Be2 e6 8.Bf4 Nbd7
9.O-O Bb4 10.Bd3 Bg6 11.Bxg6 hxg6 12.Qd3 O-O 13.Ne4 Nxe4 14.Qxe4 Nf6 15.Qe2 Bd6
16.Bxd6 Qxd6 17.c3 c5 18.Rad1 Rac8 19.Ne5 Rfd8 20.Rd3 Qb6 21.Rfd1 Rd5 22.dxc5 Rcxc5
23.Rxd5 Rxd5 24.Rxd5 Nxd5 25.g3 Qc7 26.Qe4 Qb6 27.Qe2 Qc7 28.Qe4 b5 29.Qd4 a6
30.Nd3  1/2-1/2

[Event "Czech Extra League 2000-1"]
[Site "CZE"]
[Date "2001.02.25"]
[Round "7"]
[White "Navara,D"]
[Black "Nedela,V"]
[Result "1-0"]
[WhiteElo "2466"]
[BlackElo "2385"]

1.e4 d5 2.exd5 Qxd5 3.Nc3 Qd6 4.d4 c6 5.Nf3 Bg4 6.Be3 Nd7 7.h3 Bh5 8.g4 Bg6
9.Bg2 Ngf6 10.O-O e6 11.Ne2 Qc7 12.c4 Bd6 13.Nc3 Ne4 14.Nh4 Nxc3 15.bxc3 Be7
16.Nxg6 hxg6 17.Rb1 O-O 18.Qf3 Nb6 19.c5 Nd5 20.Bd2 g5 21.h4 gxh4 22.g5 b5
23.Qe4 Rad8 24.Rbe1 Qa5 25.Qxh4 Qxa2 26.Be4 f5 27.Bxd5 Rxd5 28.Bf4 Bxc5 29.g6 Re8
30.Bg5  1-0

[Event "Czech Extra League 2000-1"]
[Site "CZE"]
[Date "2001.02.25"]
[Round "7"]
[White "Hagarova,Z"]
[Black "Velicka,P"]
[Result "0-1"]
[WhiteElo "2317"]
[BlackElo "2451"]

1.e4 d5 2.exd5 Qxd5 3.Nc3 Qd6 4.Nf3 Nf6 5.d4 c6 6.Bc4 Bg4 7.Be3 e6 8.h3 Bxf3
9.Qxf3 Nbd7 10.Bb3 Qc7 11.O-O Bd6 12.Rad1 O-O 13.Ne4 Nxe4 14.Qxe4 Nf6 15.Qf3 Nd5
16.Bc1 b5 17.c3 Rac8 18.Rfe1 Rfe8 19.Bc2 Bf4 20.Re4 Bxc1 21.Rxc1 Qe7 22.Rce1 Qf6
23.Qg3 g6 24.Bb3 Red8 25.Re5 Kg7 26.Qd3 a6 27.Qe2 Rc7 28.g3 Rdd7 29.Kg2 Qd8
30.a4 Rb7 31.Ra1 Qb8 32.axb5 Rxb5 33.Bxd5 Rxb2 34.Qxa6 cxd5 35.Ra2 Qb3 36.Rxb2 Qxb2
37.Re3 Rc7 38.Qa5 Rb7 39.Rf3 Qb6 40.Qa4 Qb5 41.Qa8 Qd7 42.Qa3 Rb1 43.Kh2 Qc7
44.Qa2 Rf1 45.Qe2 Ra1 46.Qb2 Ra7 47.Qb4 h6 48.Qb2 g5 49.Qd2 Qb8 50.Re3 Qb3
51.Qe1 Ra2 52.Rf3 Qb8 53.Kg2 Rb2 54.Rd3 Qb5 55.Rd2 Rb3 56.Kh2 Rxc3 57.Ra2 Rf3
58.Qe5+ Kh7 59.Kg2 Rf5 60.Qe3 Qb1 61.Re2 Kg7 62.Qc3 Rf6 63.Rb2 Qe4+ 64.f3 Qf5
65.Rb8 h5 66.Qa3 Qc2+ 67.Kf1 Qd1+ 68.Kg2 Qe2+ 69.Kg1 Kh7  0-1

[Event "IV Open"]
[Site "Malaga ESP"]
[Date "2001.03.02"]
[Round "8"]
[White "Teran Alvarez,I"]
[Black "Garcia Ilundain,D"]
[Result "1/2-1/2"]
[WhiteElo "2356"]
[BlackElo "2479"]

1.e4 d5 2.exd5 Qxd5 3.Nc3 Qd8 4.d4 Nf6 5.Bg5 c6 6.Qd2 Bf5 7.Nf3 e6 8.Nh4 Bg6
9.Nxg6 hxg6 10.Be2 Nbd7 11.a3 Qc7 12.Bf4 Bd6 13.Bxd6 Qxd6 14.h3 Nb6 15.O-O-O O-O-O
16.g3 Rd7 17.Qe3 Nfd5 18.Nxd5 cxd5 19.h4 Rc7 20.Kb1 Kb8 21.Rd2 Rhc8 22.h5 gxh5
23.Rxh5 a6 24.Qe5 Qc6 25.Rh7 Na4 26.Qe3 Qb6 27.Qb3 Rxc2 28.Qxb6 Rc1+ 29.Ka2 Nxb6
30.Bd3 Rg8 31.Kb3 Nd7 32.f3 Rg1 33.g4 Rg3 34.Rf2 Nf6 35.Rh4 Rc8 36.Kb4 g5
37.Rh6 Nxg4 38.fxg4 Rxd3 39.Rxf7 Rc4+ 40.Ka5 Ka7 41.Rxe6 Kb8  1/2-1/2

[Event "IV Open"]
[Site "Malaga ESP"]
[Date "2001.03.03"]
[Round "9"]
[White "Perez,Rod"]
[Black "Teran Alvarez,I"]
[Result "1-0"]
[WhiteElo "2492"]
[BlackElo "2356"]

1.e4 d5 2.exd5 Qxd5 3.Nc3 Qd8 4.d4 Nf6 5.Nf3 Bg4 6.h3 Bxf3 7.Qxf3 c6 8.Be3 e6
9.O-O-O Nbd7 10.Kb1 Be7 11.g4 Nd5 12.Nxd5 cxd5 13.Bd3 O-O 14.g5 Bxg5 15.Qh5 h6
16.Rhg1 Nf6 17.Qf3 Ne4 18.Bxe4 dxe4 19.Qxe4 Bxe3 20.fxe3 Qe7 21.h4 f5 22.Qf4 Kh7
23.e4 Rad8 24.h5 b5 25.Qe5 Qf6 26.Qxf6 Rxf6 27.e5 Rf7 28.Rg6 Re8 29.Kc1 f4
30.Kd2 Rf5 31.Rh1 Rd8 32.Kc3 b4+ 33.Kc4 Rc8+ 34.Kd3 Rxh5 35.Rxg7+ Kxg7 36.Rxh5 Kg6
37.Rh1 h5 38.c4 bxc3 39.bxc3 Rh8 40.Ke4 Rc8 41.Rg1+ Kh6 42.Rc1 Kg5 43.c4 h4
44.Rg1+ Kh5 45.c5 Rd8 46.c6 h3 47.Rc1 Kg4 48.c7 Rc8 49.d5 exd5+ 50.Kxd5 h2
51.Kd6 f3 52.e6 Kg3 53.Kd7 Kg2 54.Kxc8 h1=Q 55.Rxh1 Kxh1 56.e7 f2 57.e8=Q f1=Q
58.Qc6+ Kg1 59.Kb7  1-0

[Event "Belgian Interteams 2000-1"]
[Site "BEL"]
[Date "2001.03.04"]
[Round "13"]
[White "Tonoli,J"]
[Black "Fontaine,P"]
[Result "1/2-1/2"]
[WhiteElo "2177"]
[BlackElo "2159"]

1.e4 d5 2.exd5 Qxd5 3.Nc3 Qd6 4.d4 Nf6 5.Nf3 a6 6.Be3 Nc6 7.Qd2 Bg4 8.d5 Ne5
9.Nxe5 Qxe5 10.f3 Bd7 11.O-O-O Qd6 12.Qd4 c6 13.Bf4 c5 14.Qe3 Qb6 15.g4 h6
16.h4 Kd8 17.Bh3 Ne8 18.Ne4 Rc8 19.g5 Bxh3 20.Rxh3 Nd6 21.gxh6 gxh6 22.Bxd6 exd6
23.Qf4 Bg7 24.Qxd6+ Qxd6 25.Nxd6 Rc7 26.f4 Bf6 27.Ne4 Bd4 28.c3 f5 29.Nd6 Bf6
30.Nxf5 Rf8 31.Rg3 Rh7 32.d6 Bxc3 33.Rd5 Be1 34.Re3 Bf2 35.Re2 Rhf7 36.Nxh6 Rxf4
37.d7 Rc4+ 38.Kd2 Bxh4 39.Nf5 Bg5+ 40.Kd3 Rc1 41.Ne3 Bxe3 42.Rxe3 Rd1+ 43.Kc4 Rxd5
44.Kxd5 Kxd7 45.Kxc5 Rf6  1/2-1/2

[Event "Bundesliga 2000-1"]
[Site "Tegernsee GER"]
[Date "2001.03.11"]
[Round "11"]
[White "Balzar,A"]
[Black "Pfretzschner,R"]
[Result "1-0"]
[WhiteElo "2346"]
[BlackElo "2292"]

1.e4 d5 2.exd5 Qxd5 3.Nc3 Qd6 4.d4 Nf6 5.Nf3 Nc6 6.Bb5 Bd7 7.Be3 a6 8.Ba4 b5
9.Bb3 Bg4 10.h3 Bh5 11.g4 Bg6 12.Nh4 Rd8 13.Nxg6 hxg6 14.g5 b4 15.gxf6 bxc3
16.bxc3 gxf6 17.Qf3 Nb8 18.Bf4 Qd7 19.O-O-O Bg7 20.Kb1 a5 21.a4 Qf5 22.Qg3 e5
23.Bc1 O-O 24.h4 Qh5 25.Rhg1 Kh7 26.Ba3 exd4 27.Bxf8 Rxf8 28.cxd4 f5 29.Qxc7 Kg8
30.Qd6 Qxh4 31.Qxg6 Qh7 32.Qxh7+ Kxh7 33.Rg2 Bh6 34.Rh1 Rd8 35.Bxf7 Rxd4
36.Bg8+  1-0

[Event "Open"]
[Site "Kazimierz Dolny POL"]
[Date "2001.03.17"]
[Round "8"]
[White "Barglowski,F"]
[Black "Krysztofiak,M"]
[Result "1/2-1/2"]
[WhiteElo "2141"]
[BlackElo "2296"]

1.e4 d5 2.exd5 Qxd5 3.Nc3 Qd6 4.d4 Nf6 5.Nf3 a6 6.g3 b5 7.Bg2 Bb7 8.O-O e6
9.Bf4 Qb6 10.a4 Bd6 11.Bxd6 cxd6 12.axb5 axb5 13.Qe2 b4 14.Rxa8 Bxa8 15.Qb5+ Nbd7
16.Qxb6 Nxb6 17.Nb5 Ke7 18.Ra1 Rc8 19.c3 bxc3 20.bxc3 Nfd7  1/2-1/2

[Event "Open"]
[Site "Bad Woerishofen GER"]
[Date "2001.03.18"]
[Round "4"]
[White "Maahs,E"]
[Black "Heinzel,O"]
[Result "0-1"]
[WhiteElo "2199"]
[BlackElo "2374"]

1.e4 d5 2.exd5 Qxd5 3.Nc3 Qd6 4.d4 Nf6 5.Nf3 a6 6.Bg5 Nbd7 7.Qd2 b5 8.Bf4 Qb6
9.Be2 Bb7 10.O-O e6 11.a4 b4 12.Nd1 c5 13.c3 cxd4 14.cxd4 Nd5 15.a5 Qa7 16.Ne5 Rd8
17.Nc4 Nxf4 18.Qxf4 Nf6 19.Nb6 Bd6 20.Qc1 Nd7 21.d5 Nxb6 22.axb6 Qxb6 23.dxe6 fxe6
24.Qc4 O-O 25.Qxe6+ Kh8 26.Qg4 Rf6 27.Ne3 Rg6 28.Qc4 Qxe3  0-1

[Event "17th Spring Festival"]
[Site "Budapest HUN"]
[Date "2001.03.18"]
[Round "3"]
[White "Antok,D"]
[Black "Jamrich,G"]
[Result "1/2-1/2"]
[WhiteElo "2110"]
[BlackElo "2283"]

1.e4 d5 2.exd5 Qxd5 3.Nc3 Qd6 4.Nf3 Nf6 5.d4 a6 6.Be2 e6 7.O-O c5 8.Be3 cxd4
9.Nxd4 Be7 10.Bf3 O-O 11.Qe2 Nbd7 12.Rfd1 Qc7 13.g3 Ne5 14.Bg2 Qc4 15.Bf4 Qxe2
16.Ndxe2 Ng6 17.Bd6 Ra7 18.Rd2 b5 19.Rad1 Bb7 20.a3 Bxg2 21.Kxg2 h6 22.Nf4 Nxf4+
23.Bxf4 b4 24.axb4 Bxb4 25.Rd3 Bxc3 26.Rxc3 Nd5 27.Ra3 Nxf4+ 28.gxf4 Rc8
29.c3 Rc6 30.Rda1 Kf8 31.Ra5 g6 32.R1a3 Ke7 33.h3 Kd7 34.b4 Rac7 35.Rxa6 Rxc3
36.Rxc3 Rxc3 37.Ra7+ Ke8 38.b5 Rb3 39.Rb7 Kf8 40.b6 Kg7 41.Rb8 Kf6 42.Rb7 h5
43.h4 Kg7 44.f3 Rb2+ 45.Kg3 Kf6 46.Kh3 Rb4 47.Kg3 Kg7 48.Rb8 Rb3 49.Kg2 Rb2+
50.Kh3 Rb3 51.Kg2 Rb2+  1/2-1/2

[Event "ch-BUL Women"]
[Site "Plovdiv BUL"]
[Date "2001.03.22"]
[Round "3"]
[White "Besheva,S"]
[Black "Jovkova Draganova,P"]
[Result "0-1"]
[WhiteElo "2158"]
[BlackElo "2040"]

1.e4 d5 2.exd5 Qxd5 3.Nc3 Qd6 4.d4 a6 5.Bc4 Nc6 6.Nge2 Bf5 7.Bf4 e5 8.dxe5 Nxe5
9.Bb3 O-O-O 10.Qxd6 Bxd6 11.O-O-O Bg6 12.Nd5 Re8 13.Rhe1 f6 14.Bg3 Nh6 15.f3 Bc5
16.Nec3 Nf5 17.Bxe5 fxe5 18.Ne4 Ba7 19.a4 Rhf8 20.a5 Bf7 21.Ba4 Rd8 22.Ndc3 h6
23.Ng3 Ne3 24.Rxd8+ Rxd8 25.Bb3 Bxb3 26.cxb3 Bd4 27.Re2 Kd7 28.Nge4 Kc6 29.b4 Nd5
30.Nxd5 Kxd5 31.Rc2 Rd7 32.Kd1 b6 33.Ke2 bxa5 34.bxa5 c5 35.Nd2 Rb7 36.Nc4 Rb4
37.Nb6+ Kc6 38.Nc4 Kb5 39.Kd3 Rb3+ 40.Ke4 g6 41.h3 Ka4 42.Kd5 Rb8 43.Nxe5 Rd8+
44.Ke4 Re8 45.f4 Kb3 46.Re2 Bxb2 47.Re3+ Kb4 48.Kd5 Bxe5 49.fxe5 c4 50.Re4 Kb5
51.e6 c3 52.Re3 Rd8+ 53.Ke5 Rc8 54.Re1 Kxa5 55.e7 c2 56.Rc1 Kb4 57.Kd4 Kb3
58.Kd3 Re8 59.Rxc2 Rxe7 60.Rc6 Rd7+ 61.Ke3 a5 62.Rxg6 a4 63.Rxh6 Ra7 64.Rd6 a3
65.g4 a2 66.Rd1 a1=Q 67.Rxa1 Rxa1 68.h4 Kc4 69.Kf4 Kd5 70.Kf5 Rf1+ 71.Kg6 Ke6
72.g5 Ke7 73.h5 Kf8 74.Kh6 Kg8 75.Kg6 Ra1 76.Kf6 Ra6+ 77.Kf5 Kg7 78.Kg4 Ra4+
79.Kf5 Ra5+ 80.Kg4 Kf7 81.Kf4 Ke6 82.h6 Ra4+ 83.Kg3 Kf7  0-1

[Event "54th ch-YUG Women"]
[Site "Herceg Novi YUG"]
[Date "2001.03.27"]
[Round "5"]
[White "Ujhazi,D"]
[Black "Benderac,A"]
[Result "1/2-1/2"]
[WhiteElo "2185"]
[BlackElo "2246"]

1.e4 d5 2.exd5 Qxd5 3.Nc3 Qd6 4.d4 Nf6 5.Nge2 Bg4 6.h3 Bxe2 7.Bxe2 a6 8.d5 Nbd7
9.Be3 e6 10.dxe6 Qxe6 11.O-O O-O-O  1/2-1/2

[Event "ch-BUL Women"]
[Site "Plovdiv BUL"]
[Date "2001.03.28"]
[Round "9"]
[White "Georgieva,L"]
[Black "Jovkova Draganova,P"]
[Result "1-0"]
[WhiteElo "2144"]
[BlackElo "2040"]

1.e4 d5 2.exd5 Qxd5 3.Nc3 Qd6 4.d4 Nc6 5.Nb5 Qd8 6.Bf4 e5 7.dxe5 Qe7 8.Qd2 a6
9.Nc3 Be6 10.O-O-O Rd8 11.Bd3 Qb4 12.a3 Qa5 13.Ne4 Bb4 14.c3 Be7 15.Nf3 Bb3
16.Qe2 Bxd1 17.Rxd1 Qd5 18.Kb1 h6 19.g4 Rd7 20.Rd2 Qe6 21.h3 Na5 22.Ng3 g6
23.Nd4 Qb6 24.e6 fxe6 25.Nxe6 Rxd3 26.Rxd3 Nf6 27.Bxc7 Qb5 28.Bd6 Rh7 29.Nc7+  1-0

[Event "54th ch-YUG Women"]
[Site "Herceg Novi YUG"]
[Date "2001.03.29"]
[Round "6"]
[White "Dimitrijevic,A"]
[Black "Chelushkina,I"]
[Result "0-1"]
[WhiteElo "2115"]
[BlackElo "2385"]

1.e4 d5 2.exd5 Qxd5 3.Nc3 Qd8 4.Bc4 Nf6 5.d4 c6 6.Nf3 b5 7.Bb3 e6 8.Ne5 a5
9.a3 a4 10.Ba2 Qb6 11.Qf3 Ra7 12.O-O Rb7 13.Re1 Be7 14.Qg3 O-O 15.Bh6 Ne8
16.Ne4 Na6 17.c3 f6 18.Nd3 Kh8 19.Bf4 Qd8 20.Ndc5 Nxc5 21.dxc5 e5 22.Be3 f5
23.Qxe5 fxe4 24.Qxe4 Nf6 25.Qxc6 Rc7 26.Qxb5 Bd7 27.Qc4 Qc8 28.Bf4 Bxc5 29.Bxc7 Qxc7
30.h3 Qb6 31.Re5 Bxf2+ 32.Kh1 Qd6 33.Qe2 Bg3 34.Rg5 Bf4 35.Rd1 Qb8 36.Rc5 Re8
37.Qc4 Ne4 38.Qg8+  0-1

[Event "ch-BUL Women"]
[Site "Plovdiv BUL"]
[Date "2001.03.29"]
[Round "10"]
[White "Velcheva,M"]
[Black "Jovkova Draganova,P"]
[Result "1-0"]
[WhiteElo "2273"]
[BlackElo "2040"]

1.e4 d5 2.exd5 Qxd5 3.Nc3 Qd6 4.d4 a6 5.Nf3 Bg4 6.Be2 Nc6 7.Be3 Nf6 8.Qd2 e5
9.Nxe5 Nxe5 10.Bf4 O-O-O 11.Bxe5 Qe6 12.Qe3 Bxe2 13.Bxf6 Qxf6 14.Nxe2 Bd6
15.O-O Kb8 16.Rad1 Rhe8 17.Qd2 Re6 18.c4 Qh4 19.f4 Rde8 20.Nc3 Bb4 21.g3 Qe7
22.Rf3 Bxc3 23.Qxc3 Re2 24.Rdf1 Qe4 25.R3f2 h5 26.Rxe2 Qxe2 27.Rf2 Qe4 28.b3 h4
29.gxh4 Re6 30.f5 Rh6 31.d5 Rxh4 32.h3 f6 33.Qf3 Qd4 34.Kg2 Re4 35.Re2 Rxe2+
36.Qxe2 Qf4 37.Qf2 Qg5+ 38.Kh2 g6 39.fxg6 Qxg6 40.h4 f5 41.Qf4 a5 42.Kh3 b6
43.Qg5 Qf7 44.Kg3 a4 45.bxa4 Qe8 46.Qxf5 Qxa4 47.h5 Qxc4 48.h6 Qc3+ 49.Kg4 Qd4+
50.Kh5 Qd1+ 51.Kg6 Qg1+ 52.Kf7 Qh2 53.h7 Qh6 54.Kg8  1-0

[Event "54th ch-YUG Women"]
[Site "Herceg Novi YUG"]
[Date "2001.04.05"]
[Round "12"]
[White "Kalevic,S"]
[Black "Chelushkina,I"]
[Result "0-1"]
[WhiteElo "2274"]
[BlackElo "2385"]

1.e4 d5 2.exd5 Qxd5 3.Nc3 Qd8 4.d4 Nf6 5.Bc4 Bg4 6.f3 Bf5 7.g4 Bc8 8.Bf4 c6
9.Nge2 Nbd7 10.Qd2 Nb6 11.Bb3 a5 12.a4 Nfd5 13.Bg3 h5 14.g5 h4 15.Bf2 Bf5
16.Ne4 e6 17.c4 Nb4 18.Rd1 Be7 19.Be3 Rc8 20.N2c3 Rh5 21.O-O Bg6 22.Kh1 Kf8
23.Qf2 N6d5 24.cxd5 cxd5 25.Nc5 b6 26.Nxe6+ fxe6 27.f4 Bf5 28.Qe2 g6 29.Bc1 h3
30.Qe3 Rc6 31.Rd2 Rh7 32.Kg1 Rh4 33.Bd1 e5 34.fxe5 Bxg5 35.Qg3 Rh7 36.Bg4 Bxd2
37.Bxd2 Qh4 38.Bxf5 Qxg3+ 39.hxg3 gxf5 40.Rxf5+ Rf7 41.Rxf7+ Kxf7 42.Kh2 Rc4
43.Kxh3 Rxd4 44.Be3 Rd3 45.Bxb6 Nc6 46.Kh4 Ke6 47.Bc7 Rd2 48.g4 Rxb2 49.g5 Rg2
50.Kh5 Nxe5 51.Bxe5 Kxe5 52.Kh6 d4 53.Nb5 d3 54.Nc3 Kf5  0-1

[Event "56th ch-YUG"]
[Site "Herceg Novi YUG"]
[Date "2001.04.08"]
[Round "15"]
[White "Pavlovic,Mi"]
[Black "Djukic,Ni"]
[Result "1/2-1/2"]
[WhiteElo "2496"]
[BlackElo "2389"]

1.e4 d5 2.exd5 Qxd5 3.Nc3 Qd8 4.d4 Nf6 5.Nf3 Bf5 6.Bd3 Bxd3 7.Qxd3 Nbd7 8.Bg5 c6
9.Ne4 e6 10.O-O-O Be7 11.Nxf6+ Bxf6 12.Bf4 Qa5 13.Kb1 O-O 14.h4 Rfd8 15.Bd6 Nb6
16.Bc7 Rdc8 17.Be5 Nd7 18.Rhe1 c5 19.Ng5 Bxg5 20.hxg5 c4 21.Qh3 c3 22.g6 Qb4
23.Qxh7+ Kf8 24.Bxg7+ Ke7 25.Qh4+ Ke8 26.Qh8+ Ke7 27.Qh4+ Ke8 28.Qh8+ Ke7
29.Qh4+ Ke8  1/2-1/2

[Event "32nd Open"]
[Site "Mar del Plata ARG"]
[Date "2001.04.10"]
[Round "4"]
[White "Flores,Di"]
[Black "Soppe,G"]
[Result "1-0"]
[WhiteElo "2400"]
[BlackElo "2474"]

1.e4 d5 2.exd5 Qxd5 3.Nc3 Qd6 4.d4 Nf6 5.Nf3 c6 6.Ne5 Nbd7 7.Bf4 Nxe5 8.dxe5 Qxd1+
9.Rxd1 Nd7 10.e6 fxe6 11.Ne4 Nf6 12.Ng5 g6 13.Bd3 Rg8 14.O-O h6 15.Nf3 g5
16.Be3 Bd7 17.Ne5 O-O-O 18.Bxa7 Bg7 19.Bb6 Rdf8 20.c4 Bh8 21.Bc2  1-0

[Event "FSGM April"]
[Site "Budapest HUN"]
[Date "2001.04.12"]
[Round "6"]
[White "Fogarasi,T"]
[Black "Narciso Dublan,M"]
[Result "1/2-1/2"]
[WhiteElo "2446"]
[BlackElo "2544"]

1.e4 d5 2.exd5 Qxd5 3.Nc3 Qd6 4.d4 Nf6 5.Nf3 a6 6.Be3 Nc6 7.Qd2 Bf5 8.Nh4 Be6
9.a3 g6 10.O-O-O O-O-O 11.Nf3 Bg7 12.Ng5 Rd7 13.Nxe6 fxe6 14.Bc4 Na5 15.Be2 Qc6
16.Bf3 Nd5 17.Bxd5 exd5 18.b3  1/2-1/2

[Event "Israel Open Ch"]
[Site "Tel Aviv ISR"]
[Date "2001.04.13"]
[Round "5"]
[White "Gruenfeld,Y"]
[Black "Kudischewitsch,D"]
[Result "1/2-1/2"]
[WhiteElo "2520"]
[BlackElo "2373"]

1.e4 d5 2.exd5 Qxd5 3.Nc3 Qd6 4.d4 Nf6 5.Nf3 a6 6.h3 b5 7.Bd3 Bb7 8.Qe2 e6
9.Bg5 Nbd7 10.a4 b4 11.Ne4 Qd5 12.c4 bxc3 13.Nxc3 Qa5 14.O-O Bb4 15.Ne4 Qd5
16.Bd2 Nxe4 17.Bxb4 Ng5 18.Rfc1 Nxf3+ 19.Qxf3 Qxf3 20.gxf3 Kd8 21.Ba5 Nb6
22.Rc5 Kd7 23.Rac1 Rhc8 24.Be4 Bd5 25.b3 Rab8 26.R1c3 g6 27.Kh2 f5 28.Bxb6 fxe4
29.Rxc7+ Rxc7 30.Rxc7+ Kd6 31.a5 Rb7 32.fxe4 Bxe4 33.Rc3 Rf7 34.Kg3 Bd5 35.f4 Bc6
36.b4 Rf5 37.Ba7 Kd7 38.h4 Rd5 39.Bc5 Rf5 40.Kg4 Ba4 41.Bb6 Bc6 42.Rc1 Rh5
43.Rc5 Rxc5 44.Bxc5 Be4 45.Kg5 Kc6 46.Kh6 Bd3 47.Be7 Kd7  1/2-1/2

[Event "Israel Open Ch"]
[Site "Tel Aviv ISR"]
[Date "2001.04.13"]
[Round "5"]
[White "Kundin,A"]
[Black "Gofshtein,L"]
[Result "1/2-1/2"]
[WhiteElo "2417"]
[BlackElo "2523"]

1.e4 d5 2.exd5 Qxd5 3.Nc3 Qd6 4.d4 Nf6 5.Nf3 a6 6.g3 Nc6 7.Bf4 Qd8 8.Bg2 e6
9.O-O Be7 10.Qd2 O-O 11.Rfe1 Nd5 12.Bg5 Bxg5 13.Nxg5 Nxc3 14.bxc3 h6 15.Nf3 Rb8
16.c4 b5 17.Rab1 Bd7 18.cxb5 axb5 19.Ne5 Nxe5 20.Rxe5 Rb6 21.Qa5 Qe7 22.Rc5 Qd6
23.c3 Rc8 24.Qb4 Ra6 25.Rb2 Ra4 26.Qb3 Qa6 27.Bb7 Qxb7 28.Qxa4 Qf3 29.Qb3 Bc6
30.Kf1 Qh1+ 31.Ke2 Bf3+ 32.Kd2 c6 33.Qc2 Qxh2 34.Ke3 Bd5 35.Rb1 Qh5 36.Qe2 Qg5+
37.Kd3 Ra8 38.Rb2 Qg6+ 39.Kd2 Bxa2 40.Qd3 Qf6 41.Re5 Qxf2+ 42.Kd1  1/2-1/2

[Event "5th Neckar Open"]
[Site "Deizisau GER"]
[Date "2001.04.14"]
[Round "4"]
[White "Landa,K"]
[Black "Koenig,Die"]
[Result "1-0"]
[WhiteElo "2610"]
[BlackElo "2327"]

1.e4 d5 2.exd5 Qxd5 3.Nc3 Qd6 4.d4 c6 5.Nge2 Nf6 6.Bf4 Qb4 7.Bc7 e6 8.a3 Qe7
9.Be5 Nbd7 10.Qd3 b6 11.Ng3 Bb7 12.Nce4 Nxe4 13.Nxe4 Nxe5 14.dxe5 Qd7 15.Qg3 O-O-O
16.Bd3 f5 17.exf6 gxf6 18.O-O-O Bh6+ 19.Kb1 Qe7 20.Bc4  1-0

[Event "Israel Open Ch"]
[Site "Tel Aviv ISR"]
[Date "2001.04.14"]
[Round "6"]
[White "Ribshtein,N"]
[Black "Kantsler,B"]
[Result "0-1"]
[WhiteElo "2329"]
[BlackElo "2507"]

1.e4 d5 2.exd5 Qxd5 3.Nc3 Qd6 4.d4 Nf6 5.Bc4 a6 6.Nge2 Qc6 7.Qd3 Qxg2 8.Rg1 Qxh2
9.Bf4 Qh3 10.Ng3 h5 11.Qd2 b5 12.Bb3 Bb7 13.d5 c5 14.dxc6 Nxc6 15.O-O-O Rd8
16.Qe3 h4 17.Qb6 Qc8 18.Nge4 Nxe4 19.Nxe4 e6 20.Bd6 Ne7 21.Bc7 Nd5 22.Bxd5 Rxd5
23.Rxd5 Bxd5 24.Nc3 Ba8 25.Nxb5 axb5 26.Qxb5+ Ke7 27.Ba5 f6 28.Qd3 Rh6 29.Bb4+ Kf7
30.Bd2 Rh8  0-1

[Event "Osteropen"]
[Site "Essen-Borbeck GER"]
[Date "2001.04.15"]
[Round "7"]
[White "Kuczynski,R"]
[Black "Dischinger,F"]
[Result "1-0"]
[WhiteElo "2509"]
[BlackElo "2241"]

1.e4 d5 2.exd5 Qxd5 3.Nc3 Qd6 4.d4 Nf6 5.Bc4 a6 6.Bb3 Nc6 7.Nge2 e5 8.dxe5 Qxd1+
9.Nxd1 Nxe5 10.Ndc3 Bd7 11.Bg5 Be7 12.O-O-O h6 13.Bxf6 Bxf6 14.f4 Nc6 15.Bxf7+ Ke7
16.Bb3 Bg4 17.Nd5+ Kf8 18.Rde1 Na5 19.Nxc7 Nxb3+ 20.axb3 Rc8 21.Nd5 Bh4 22.Ng3 Kf7
23.Nb6 Rc7 24.Nc4 Bc8 25.Ne5+ Kg8 26.Ng6 Bxg3 27.hxg3 Rh7 28.Re7  1-0